00550nam a2200205Ia 450000500170000000800410001702000150005808200170007310000190009024500300010926000300013930000190016965000080018865000080019665000110020465000130021594200060022895200950023499900150032920240529071128.0240331s9999 xx 000 0 und d a0415906202 bFRUa346.013 aFrug, joe Mary 0aPostmodern legal feminism aNew YorkbRoutledgec1992 axxxv, 214 p ., aSex aLaw aSocial aFeminist cL 001040708LaWERCLbWERCLcSSCd2024-03-31l0o 346 FRUp3740r2024-03-31w2024-03-31yL c2854d2854